Statistics for Geography #1

Click here to take the quiz!

General Stats

  • This quiz has been taken 37 times
  • The average score is 8 of 15

Answer Stats

HintAnswer% Correct
What country is directly north of the continental United States?Canada
100%
What is the capital city of Iran?Tehran
89%
What country borders Sudan to the north?Egypt
86%
Which is Europe's second largest island after Great Britain?Iceland
83%
How many stars does the New Zealand national flag have?4
80%
What river does the Tower Bridge in London cross?Thames
77%
Where would you find Olympus Mons?Mars
66%
What is the only country that borders both Nigeria and Gabon?Cameroon
49%
What tropic passes through Australia?Tropic of Capricorn
49%
What is the world's largest lake crossed by the equator?Lake Victoria
34%
What California desert boasted the first solar power plant able to store heat, in 1996?Mojave Desert
23%
Saginaw Bay opens into what body of water?Lake Huron
20%
The Albert Canal is located in which country?Belgium
17%
What city is home to the headquarters of The Boeing Company?Chicago
17%
Which US capital city was originally called Le Fleur's Bluff?Jackson
11%

Score Distribution

Percentile by Number Answered

Percent of People with Each Score

Your Score History

You have not taken this quiz